Kommunale Entwicklungsförderung: von Einzelmassnahmen zu integrierter Massnahmenkonzeption.

Posudzovanie charakteristík a slabých miest tradičných programov podpory - podpora materiálnych opatrení, najmä nových investícií, meranie potrieb na základe kvantitatívnych kritérií, odvetvové členenie, jednotlivé opatrenia, tendencia k podpore splnenia pravidiel na poskytnutie prostriedkov. Úvahy...

Descrizione completa

Salvato in:
Dettagli Bibliografici
Autore principale: Winkel, R.
Natura: Capitolo di libro
Lingua:tedesco
Soggetti:
Tags: Aggiungi Tag
Nessun Tag, puoi essere il primo ad aggiungerne!!

MARC

LEADER 00000naa a2200000 4500
001 r008946
005 20221130103821.8
041 0 |a ger 
044 |a DE 
245 1 0 |a Kommunale Entwicklungsförderung: von Einzelmassnahmen zu integrierter Massnahmenkonzeption.  |c R. Winkel 
520 |a Posudzovanie charakteristík a slabých miest tradičných programov podpory - podpora materiálnych opatrení, najmä nových investícií, meranie potrieb na základe kvantitatívnych kritérií, odvetvové členenie, jednotlivé opatrenia, tendencia k podpore splnenia pravidiel na poskytnutie prostriedkov. Úvahy o ďalšom vývoji verejnej podpory. 
610 2 0 |a programy rozvojové 
610 2 0 |a pomoc finančná 
610 2 0 |a investície 
610 2 0 |a regióny 
610 2 0 |a prostriedky peňažné 
610 2 0 |a podpory 
100 1 |a Winkel, R.